000
00307nam a22001217a 4500
020
_a
139781444121490
082
_a
664
_b
ROL/ES
100
_a
Roller, Sibel
_9
369
245
_a
Essential Microbiology and Hygiene for Food Professionals
260
_a
London
_b
Hodder Arnold
_c
2012
300
_a
226
942
_c
BK
999
_c
14277
_d
14277